| 000 | 00490nam a22001817a 4500 | ||
|---|---|---|---|
| 005 | 20251108173455.0 | ||
| 008 | 250721s9999 xx 000 0 ara d | ||
| 082 | 1 | 4 | _a216.23/عيس |
| 100 | 1 |
_aعيسى، عبده غالب أحمد _eمؤلف |
|
| 245 | 1 | 0 | _aكيفية الصيام / |
| 250 | _aط1. | ||
| 264 | 1 |
_aبيروت : _bدار الجيل، |
|
| 300 | _a80ص | ||
| 650 | 1 | 7 | _aالصيام |
| 650 | 1 | 7 | _aالأحكام الشرعية |
| 942 |
_2ddc _cBK |
||
| 999 |
_c104721 _d104721 |
||